Význam čiernej práce sa v EÚ výrazne líši

Podiel čiernej práce na celkovom HDP krajiny sa v jednotlivých členských krajinách EÚ výrazne líši. Podiel neregistrovanej práce v EÚ. Dôvody nelegálnej práce. Najväčší podiel čiernej práce vykazuje v EÚ stavebníctvo. Čierna práca v nových členských krajinách EÚ.

Gespeichert in:
Bibliographische Detailangaben
Format: Buchkapitel
Sprache:Slowakisch
Schlagworte:
Tags: Tag hinzufügen
Keine Tags, Fügen Sie das erste Tag hinzu!

MARC

LEADER 00000naa$a2200000$$$4500
001 0013141
005 20231009075010.0
041 0 |a slo 
044 |a SK 
245 1 0 |a Význam čiernej práce sa v EÚ výrazne líši 
520 |a Podiel čiernej práce na celkovom HDP krajiny sa v jednotlivých členských krajinách EÚ výrazne líši. Podiel neregistrovanej práce v EÚ. Dôvody nelegálnej práce. Najväčší podiel čiernej práce vykazuje v EÚ stavebníctvo. Čierna práca v nových členských krajinách EÚ. 
610 2 0 |a práca nelegálna 
610 2 0 |a Európska únia 
610 2 0 |a produkt domáci hrubý 
610 2 0 |a stavebníctvo 
610 2 0 |a trh práce